000 00938nam a2200265Ia 4500
003 OSt
005 20221005104043.0
006 a|||||r|||| 00| 0
007 ta
008 221004b |||||||| |||| 00| 0 san d
020 _cINR 300.00
024 _a68192
037 _b300, 29/01/2020, Eastern Book Linkers
_cTextual
040 _aCRL
_cCRL
_bsan
041 _2san
_asan
082 _aDelta2:864, Q8
100 _aगणेश दैव, ले.
245 0 _aजातकालंकार
246 _aJātakālankāra
260 _aदिल्ली
_bचौखम्भा ओरियन्टालिया भारत
_c2018
300 _a286पृ0
_ccm.
650 _aआध्यात्मिक अनुभव और रहस्यवाद
942 _hDelta2:864, Q8
_cTEXL
_2cc
999 _c1011605
_d1011605